Normal view MARC view
  • Diaz, Luis F.

Entry Personal Name

Number of records used in: 3

001 - CONTROL NUMBER

  • control field: 6423

003 - CONTROL NUMBER IDENTIFIER

  • control field: NUST

005 - DATE AND TIME OF LATEST TRANSACTION

  • control field: 20171116095927.0

008 - FIXED-LENGTH DATA ELEMENTS

  • fixed length control field: 171116|| aca||aabn | a|a d

040 ## - CATALOGING SOURCE

  • Original cataloging agency: NUST
  • Transcribing agency: NUST

100 ## - HEADING--PERSONAL NAME

  • Personal name: Diaz, Luis F.

670 ## - SOURCE DATA FOUND

  • Source citation: Work cat.: (NUST)0: Resource recovery from municipal solid wastes / Vol-1-2, c1982.
© 2023 Central Library, National University of Sciences and Technology. All Rights Reserved.